Top Magazine Covers Quiz Stats

Quiz Updated Jul 29, 2013

Also try: Men on Playboy
Challenge
Share
Tweet
Score 0/18 Timer 04:00
0 Plays Today
# Magazine % Correct
1Time
88%
13National Geographic
80.2%
17Playboy
67.2%
5Newsweek
51.2%
11Vogue
33.2%
6George
25.3%
4The New Yorker
25.1%
7The Economist
24.9%
18ESPN the Magazine
20.7%
# Magazine % Correct
3Wired
17.8%
9Life
16.1%
10Entertainment Weekly
14%
12People
5.7%
8National Lampoon
5.5%
2Esquire
5.3%
16Harper's Bazaar
2.5%
14Fortune
0.6%
15Blue
0.4%

You're not logged in!

Compare scores with friends on all Sporcle quizzes.
Join for Free
OR
Log In

You Might Also Like...

Show Comments

Extras

Top Quizzes Today


Score Distribution

Your Account Isn't Verified!

In order to create a playlist on Sporcle, you need to verify the email address you used during registration. Go to your Sporcle Settings to finish the process.

Report this User

Report this user for behavior that violates our Community Guidelines.

Details: